| 000 | 00408cam a2200157 i 4500 | ||
|---|---|---|---|
| 020 | _a0534004997 | ||
| 040 | _cDLC | ||
| 082 | 0 | 0 | _a519 WAD 1977 A058 Or. |
| 100 | 1 | _aBrown, Robert F., | |
| 245 | 1 | 0 | _aApplied finite mathematics / |
| 260 |
_aBelmont, Calif. : _bWadsworth Pub. Co., _cc1977. |
||
| 300 |
_ax, 549 p. : _bill. ; _c24 cm. |
||
| 650 | 0 | _aMathematics. | |
| 700 | 1 | _aBrown, Brenda W., | |
| 942 | _cEK | ||
| 999 |
_c13882 _d13882 |
||